000
00288 a2200133 4500
001
12206
020
_a
9799693513829
082
_a
891.4392You
090
_c
9423
_d
9423
100
_a
Younas Butt
245
_a
Duble Truble
260
_a
Lahore
_b
Sang-e-Meel
_c
2005
300
_a
232pp
942
_a
NUST-CAE
_k
891.4392You
999
_c
247279
_d
247279